书目信息 |
| 题名: |
中国抗战画史
|
|
| 作者: | 曹聚仁 , 舒宗侨 编著 | |
| 分册: | 下 | |
| 出版信息: | 北京 中国文史出版社 2013.01 |
|
| 页数: | 389页 | |
| 开本: | 25cm | |
| 丛书名: | ||
| 单 册: | ||
| 中图分类: | K265.06 | |
| 科图分类: | ||
| 主题词: | 抗日战争史--中国--史料 , 抗日战争史 | |
| 电子资源: | ||
| ISBN: | 978-7-5034-3533-1 | |
| 000 | 01018nam0 2200289 450 | |
| 001 | 010050025458 | |
| 005 | 20130427090154.25 | |
| 010 | @a978-7-5034-3533-1@b精装@dCNY79.00,dCNY158.00(全2册) | |
| 100 | @a20130313d2013 em y0chiy50 ea | |
| 101 | 0 | @achi |
| 102 | @aCN@b110000 | |
| 105 | @aabf z 000yy | |
| 106 | @ar | |
| 200 | 1 | @a中国抗战画史@9zhong guo kang zhan hua shi@h下@f曹聚仁,舒宗侨编著 |
| 210 | @a北京@c中国文史出版社@d2013.01 | |
| 215 | @a389页@c照片,地图,图版(1页)@d25cm | |
| 312 | @a封面英文题名:Pictorial history of China's war resistance | |
| 330 | @a本书分为上下两册,共十章,主要内容包括:引论;日本侵略战序幕;抗战第一期;抗战第二期;胜利之页等。 | |
| 333 | @a一般读者 | |
| 510 | 1 | @aPictorial history of China's war resistance@zeng |
| 606 | 0 | @a抗日战争史@y中国@x史料 |
| 606 | 0 | @a抗日战争史 |
| 690 | @aK265.06@v5 | |
| 701 | 0 | @a曹聚仁@9cao ju ren@4编著 |
| 701 | 0 | @a舒宗侨@9shu zong qiao@4编著 |
| 801 | 0 | @aCN@b人天书店@c20130313 |
| 905 | @b541990-91@dK265.06@e105:2@f2 | |
| 中国抗战画史.下/曹聚仁,舒宗侨编著.-北京:中国文史出版社,2013.01 |
| 389页:照片,地图,图版(1页);25cm |
| 使用对象:一般读者 |
| ISBN 978-7-5034-3533-1(精装):CNY79.00,dCNY158.00(全2册) |
| 本书分为上下两册,共十章,主要内容包括:引论;日本侵略战序幕;抗战第一期;抗战第二期;胜利之页等。 |
| ● |
| 相关链接 |
|
|
|
|
正题名:中国抗战画史
索取号:K265.06/105:2
 
预约/预借
| 序号 | 登录号 | 条形码 | 馆藏地/架位号 | 状态 | 备注 |
| 1 | 541990 | 205419901 | 第二样本阅览室/ [索取号:K265.06/105:2] | 在馆 | |
| 2 | 541991 | 205419910 | 第二借阅区/ [索取号:K265.06/105:2] | 在馆 |